000 00897naa a2200253 c 4500
001 38146
003 ES-MaCES
005 20150923125143.0
008 071128n2007 sp t ||0 | spa d
035 _aCES20070006860v
040 _aES-MaCES
_bspa
_cES-MaCES
245 0 0 _aContratas y subcontratas de servicios
_b: alcance de la responsabilidad solidaria para la administración pública
650 4 _asentencia judicial
_929888
650 4 _aresponsabilidad social
_930590
650 4 _acontrato de trabajo
_928316
650 4 _asubcontratación
_928256
650 4 _acontratación
_928323
653 1 0 _aEmpleo
650 4 _928198
_aadministración
773 0 _tActualidad laboral
_gn. 9 (1ª quinc. mayo 2007){10002 R. 067828}; p. 1078-1082
_w(ES-MaCES)25022
_929245
902 _aART Artículo de revista
942 _2CES
_cAR
_h2.1.
999 _c38146
_d38146